| 000 | 00729nam a2200205 i 4500 | ||
|---|---|---|---|
| 001 | 142095 | ||
| 003 | ES-MaACL | ||
| 005 | 20230906200437.0 | ||
| 007 | t| | ||
| 008 | 071002m19061908xxkaf |||| | eng d | ||
| 100 | 1 |
_aWilliamson, George C. _9116968 |
|
| 245 | 1 | 0 |
_aCatalogue of the collection of miniatures, the property of J. Pierpont Morgan / _ccompiled at his request by G.C. Williamson. |
| 250 | _aEdición de 150 ejemplares. | ||
| 260 |
_aLondon : _bCharles Whittingham, _c1906-1908. |
||
| 300 |
_a4 v., 264 h. de lám : _bil. ; _c38 cm. |
||
| 595 | _aEjemplar n. 127 de una edición de 150. | ||
| 600 | 1 | 4 |
_aMorgan, John Pierpont. _9163785 |
| 650 | 4 |
_aMiniatura- _vCatálogos. _9162295 |
|
| 852 |
_aES-MaACL _jC-772-75 |
||
| 999 |
_c142095 _d142095 |
||